Αι απολογίαι των θυμάτων της 15 Νοεμβρίου 1922
Αποθηκεύτηκε σε:
| Άλλοι συγγραφείς: | |
|---|---|
| Μορφή: | Βιβλίο |
| Γλώσσα: | Greek |
| Δημοσίευση: |
Αθήναι :
Μακρής,
[19--?]
|
| Θέματα: | |
| Ετικέτες: |
Προσθήκη ετικέτας
Δεν υπάρχουν, Καταχωρήστε ετικέτα πρώτοι!
|
MARC
| LEADER | 00000cam a2200000 i 4500 | ||
|---|---|---|---|
| 001 | 1/96959 | ||
| 008 | 081110s gre d | ||
| 035 | |l 10101536 | ||
| 040 | |a GR-MY-UA |b gre |e aacr | ||
| 041 | 0 | |a gre | |
| 082 | 0 | |a 938.727 |2 (22) | |
| 245 | 1 | 3 | |a Αι απολογίαι των θυμάτων της 15 Νοεμβρίου 1922 / |c μετά εισαγωγής υπό Χ.Κ. Βοζίκη |
| 260 | |a Αθήναι : |b Μακρής, |c [19--?] | ||
| 300 | |a 632 σ.; |c 24 εκ. | ||
| 650 | 0 | 0 | |a Greco-Turkish War, 1921-1922 |x Personal narratives, Greek. |
| 651 | 0 | |a Greece |x History. | |
| 700 | 1 | |a Βοζίκης, Χαράλαμπος Κ. |4 aui | |
| 852 | |a INST |b LESVOS |e 20081110 |h 938.727 ΑΠΟ |p 005100043446 |q 005100043446 |t BK |y 0 | ||
| 901 | |a BIBL1-2008-3 | ||
| 909 | |a Λ |b 156190 | ||
| 970 | |a ΚΑΡΑ |b ΓΙΑΣΕΜΗ |z 2008/11/10 | ||